000 00750nam a2200193 a 4500
008 070425s2006 ||||||||||||||||| || u
020 _a0387333177
050 _aHC 79.P6 DUC
100 _aDuclos, Jean-Yves
245 1 0 _aPoverty and equity: measurement, policy and estimation with DAD
260 _aOttawa:
_bInternational Development Research Centre
_c2006
300 _axviii, 393p. :ill.
350 _a0.00
650 _aPOOR--RESEARCH--DEVELOPING COUNTRIES
650 _aPOVERTY--ECONOMIC POLICY
650 _aEQUITY--ECONOMIC POLICY
700 _aAraar, Abdelkrim
995 _D0.00
_FCBU-MAIN LIBRARY (Kitwe)
_H1
_I0.00
_M1
_UAVAILABLE
_WApr 25, 2007
_ZMain Library Open Access Collection
999 _c54100
_d54100